000 00724nam a2200205 a 4500
001 000661922
003 AM-YeHGA
005 20250617141624.0
008 090529s1986 ||| r 000 0 rus d
040 _aAM-YeHGA
041 0 _arus
100 1 _aИбатуллин, Эмир Аминович
245 1 0 _aПринятие решений в сопряженных информационных системах /
_cЭ.А. Ибатуллин.
260 _aКазань :
_bИзд-во Казан. ун-та,
_c1986.
300 _a134 с. :
_bил.
504 _aБиблиогр.: с. 130-132
653 0 _aПринятие решений
653 0 _aИнформационные системы
090 _c243640
999 _c242060
_d242060